[Event "SportAccord Blindfold Women 2012"]
[Site "Beijing CHN"]
[Date "2012.12.19"]
[Round "5.1"]
[White "Koneru, Humpy"]
[Black "Cmilyte, Viktorija"]
[Result "0-1"]
[WhiteTitle "GM"]
[BlackTitle "GM"]
[WhiteElo "2610"]
[BlackElo "2524"]
[WhiteFideId "5008123"]
[BlackFideId "12801259"]
[EventDate "2012.12.18"]

1. Nf3 g6 2. g3 Bg7 3. Bg2 c5 4. d4 cxd4 5. Nxd4 Nc6 6. Nb3 d6 7. O-O Nf6 8. c4
Be6 9. c5 d5 10. Nc3 Qd7 11. Bg5 Rd8 12. Qc1 h6 13. Bxf6 Bxf6 14. e3 Ne5 15. Rd1
Qc6 16. e4 d4 17. Nd5 Nd7 18. Nxd4 Bxd4 19. Rxd4 Bxd5 20. Rxd5 e6 21. Rd6 Qxc5
22. Qd2 Qg5 23. Qc3 O-O 24. Qc7 Nb8 25. f4 Na6 26. Rxa6 Qb5 27. Ra3 Rd2 28. Qc1
Rfd8 29. Qf1 Qxb2 30. Rb3 Rxg2+ 31. Kh1 Rxh2+ 32. Kg1 Rg2+ 33. Kh1 Rh2+ 34. Kg1
Qd2 35. Rab1 Rh5 36. R3b2 Qe3+ 37. Qf2 Qxe4 38. Qg2 Qxg2+ 39. Kxg2 b6 40. Rc1
Rhd5 41. Rcc2 h5 42. Kf2 Rd3 43. a4 Ra3 44. Ra2 Rxa2 45. Rxa2 Rd5 46. Rc2 Rd4
47. a5 bxa5 48. Rc7 Rd3 0-1

[Event "SportAccord Blindfold Women 2012"]
[Site "Beijing CHN"]
[Date "2012.12.19"]
[Round "5.5"]
[White "Zhao, Xue"]
[Black "Cramling, Pia"]
[Result "1-0"]
[WhiteTitle "GM"]
[BlackTitle "GM"]
[WhiteElo "2565"]
[BlackElo "2516"]
[WhiteFideId "8601283"]
[BlackFideId "1700030"]
[EventDate "2012.12.18"]

1. c4 c5 2. Nc3 g6 3. g3 Bg7 4. Bg2 Nc6 5. Nf3 e6 6. O-O Nge7 7. a3 d5 8. d3 O-O
9. Rb1 b6 10. Bd2 Bb7 11. b4 cxb4 12. axb4 dxc4 13. dxc4 Nf5 14. c5 bxc5 15.
bxc5 Qc8 16. g4 Nfd4 17. Nxd4 Bxd4 18. Qa4 Bxc3 19. Bxc3 Nd8 20. Rxb7 Nxb7 21.
c6 Nd8 22. Bb4 Re8 23. c7 Nb7 24. Qc6 e5 25. Qxb7 Qxg4 26. Qe4 Qd7 27. Ba5 Rac8
28. Qc4 e4 29. Rc1 h5 30. Bxe4 Qg4+ 31. Bg2 Qxe2 32. Qxe2 Rxe2 33. Bb7 1-0

[Event "SportAccord Blindfold Women 2012"]
[Site "Beijing CHN"]
[Date "2012.12.19"]
[Round "6.1"]
[White "Harika, Dronavalli"]
[Black "Cmilyte, Viktorija"]
[Result "1/2-1/2"]
[WhiteTitle "GM"]
[BlackTitle "GM"]
[WhiteElo "2512"]
[BlackElo "2524"]
[WhiteFideId "5015197"]
[BlackFideId "12801259"]
[EventDate "2012.12.18"]

1. Nf3 g6 2. d4 Nf6 3. g3 c5 4. c3 b6 5. Bg2 Bb7 6. O-O Bg7 7. Qb3 cxd4 8. Ne5
d5 9. Qa4+ Nfd7 10. cxd4 O-O 11. Bf4 e6 12. Nc3 Nxe5 13. Bxe5 Qd7 14. Qxd7 Nxd7
15. Bxg7 Kxg7 16. Rfc1 Ba6 17. e4 Nf6 18. exd5 exd5 19. Nxd5 Nxd5 20. Bxd5 Rad8
21. Bb3 Rd7 22. Rc3 Rfd8 23. Rd1 Bb7 24. h4 h5 25. d5 Bxd5 26. Ba4 Rd6 27. Rcd3
Kf6 28. Bb3 Ke6 29. Re1+ Kf6 30. Red1 Ke6 31. Rxd5 Rxd5 32. f4 Rd6 33. Kf2 Rd7
34. Ke3 Rd6 35. Ke4 f5+ 36. Ke3 Rd7 37. a3 a5 38. Ba2 Rd6 39. Rd4 b5 40. Kd3 Rd7
41. a4 bxa4 42. Bc4 Rd8 43. Ba2 Rd6 44. Bc4 Rd8 45. Ba2 Rd6 46. Bc4 Rd8 1/2-1/2